[Event "Tata Steel-A 73rd"]
[Site "Wijk aan Zee"]
[Date "2011.01.22"]
[Round "7"]
[White "Nakamura, Hikaru"]
[Black "Smeets, Jan"]
[Result "1-0"]
[WhiteElo "2751"]
[BlackElo "2662"]
[Annotator "Krasenkow,M"]
[PlyCount "121"]
[EventDate "2011.01.14"]
[EventType "tourn"]
[EventRounds "13"]
[EventCountry "NED"]
[EventCategory "20"]
[SourceTitle "CBM 141"]
[Source "ChessBase"]
[SourceDate "2011.03.17"]
[SourceVersion "1"]
[SourceVersionDate "2011.03.17"]
[SourceQuality "1"]

1. d4 d5 2. c4 c6 3. Nf3 Nf6 4. Nc3 e6 5. Bg5 dxc4 6. e4 b5 7. e5 h6 8. Bh4 g5
9. Nxg5 hxg5 10. Bxg5 Nbd7 11. g3 Bb7 12. Bg2 Qb6 13. exf6 c5 14. d5 O-O-O 15.
O-O b4 16. Na4 Qb5 17. a3 exd5 18. axb4 cxb4 19. Bf4 {A relatively rare move
in this deeply-explored position.} (19. Be3 {is the main move.}) ({Practice
has also seen:} 19. Qg4) (19. Re1) (19. h4) (19. Qd4) 19... Bh6 (19... Bc6 $6
20. Re1 Nc5 21. Nxc5 Bxc5 22. Re7 $1 Qb6 23. Ra6 Bxf2+ 24. Kf1 Rxh2 25. Rxb6
Bxb6 26. Qg4+ Bd7 27. Qg5 Bb5 28. Qe5 {1-0 Gozzoli,Y (2503)-Brunner,N (2413)/
Nancy 2009/CBM 129}) (19... Nc5 $6 20. Nxc5 Bxc5 21. h4 $5 (21. Re1 {[%cal
Ye1e7]} Qd7 $1 (21... Rde8 $2 {1-0 Zakhartsov,V (2541)-Petr,M (2478)/Stare
Mesto 2009/EXT 2010/[Zakhartsov] (28)} 22. Rxe8+ Qxe8 (22... Rxe8 23. Qh5) 23.
Bxd5 $18) (21... a6 $2 22. Re7 $1 Bxe7 23. fxe7 Rdg8 24. Qd4 Kd7 25. Qe5 Qc5
26. Bf3 Ke8 27. Rd1 {1-0 Strangmueller,A (2335)-Sakai,K (2510)/IECG 2005/
Telechess CBM 115}) 22. Ra5 Bb6 23. Re7 Bxa5 24. Rxd7 Rxd7 25. h4 Bc7 26. Bh3
Bxf4 27. Qa4 Rhd8 28. gxf4 d4 29. Qxb4 Kb8 30. Bxd7 Rxd7 31. Qxc4 d3 $132 {
V.Zakhartsov}) 21... Bc6 22. Re1 d4 23. Qg4+ Kb7 (23... Rd7 24. Ra5 $1 Qb6 25.
Qf5 Bxg2 26. Rxc5+ Bc6 27. Re7 $18 {1-0 Porper,E (2462)-Lock,G (2226)/Grand
Harve Bay 2006/EXT 2007 (40)}) 24. Re7+ $1 Bxe7 25. fxe7 $16) 20. Qd2 $1 (20.
Bxh6 Rxh6 21. Qd4 Rxf6 $13) (20. Bd6 Bf8 21. Be7 Re8 22. Qd4 (22. Re1 Bxe7 23.
fxe7 Rh7 24. b3 c3 25. Qc2 f5 26. Nxc3 bxc3 27. Qxc3+ Kb8 28. Ra5 Qc6 29. Qxc6
Bxc6 30. Bxd5 Bxd5 31. Rxd5 Rhxe7 32. Rxe7 Rxe7 33. Rxf5 Kc7 $11 {1/2 Hadet,E 
(2507)-Peli,G (2293)/Lechenicher SchachServer 2009/Telechess CBM 139 (45)})
22... Bxe7 23. fxe7 Rh6 24. b3 Rxe7 25. Rfc1 Ne5 26. Nc5 c3 27. Rxa7 Nc6 28.
Qg4+ Rhe6 29. Nxe6 fxe6 $44 {1/2 Giri,A (2686)-Smeets,J (2662)/Wijk aan Zee
NED 2011/The Week in Chess 845 (38)}) 20... Bxf4 21. Qxf4 Bc6 $6 {This move
ignores White's main positional threat (Rf1-e1-e7).} (21... Nc5 $2 22. Nxc5
Qxc5 23. Rfe1 Rd7 {1/2 Zakhartsov,V (2602)-Michalczak,T (2370)/Guben GER 2011/
The Week in Chess 843 (39)} 24. h4 $18) (21... Qc6 $5 {[%cal Rc6f6]} 22. Rfc1
$36) (21... Rhe8 $5 {V.Zakhartsov}) 22. Qd4 $6 (22. Rfe1 $142 $16) 22... Kb8 $6
{Both sides underestimate the importance of the e-file!} (22... Rde8 $142 $1
23. Qxa7 d4 $1 24. Qxd4 (24. Nc5 Qxc5 25. Qxc5 Nxc5 26. Bxc6 Rd8 27. Ra5 Rh5
$132) 24... Bxg2 25. Kxg2 Qc6+ 26. f3 (26. Kg1 $2 Rxh2) 26... Re2+ 27. Rf2
Rxf2+ 28. Qxf2 Rh6 $1 $132 {[%cal Yh6f6,Yd7e5]}) 23. Rfe1 {Finally!} Rhe8 24.
Re7 (24. Qf4+ $5 Kc8 25. Re7 $16) 24... Qa5 $1 25. Rxf7 $5 {[%mdl 512]} (25.
Qf4+ Qc7 26. Qe3 $16) 25... Bxa4 26. Bxd5 $6 (26. h4 $142 $1 {[%csl Gh4][%cal
Yh4h5,Yh5h6,Yh6h7]}) 26... Qc5 $1 27. Qf4+ Ne5 28. Be4 Rd7 29. Rg7 {[%csl Gf6]}
Bb5 30. Rxd7 Bxd7 31. Bg6 Rf8 32. Re1 Qd6 33. Qxe5 Rxf6 34. Qxd6+ Rxd6 {
[%mdl 4096] White has obtained an extra pawn in the endgame but Black's pawns
are more advanced.} 35. Bf7 Rd2 36. Bxc4 Rxb2 37. h4 Bg4 $2 {Wrong! Black
can't prevent h4-h5 anyway, and now White gets an important possibility
Re1-e5-b5. It was essential to advance the a-pawn:} (37... a5 38. h5 Rc2 $1 39.
Bd3 Rc6 {is far from clear.}) 38. Kg2 (38. Bf7 $5 a5 39. h5) (38. Re5 $5 Bf3
39. h5) 38... a5 39. Re5 Rc2 (39... a4 40. h5) 40. Rb5+ (40. Bf7 $142) 40...
Kc7 41. Bd5 Rd2 42. Bf7 Bd7 $5 (42... Rd7 43. Bg6 Rd6 44. h5 Ra6 45. Bd3 Rd6
46. Be4 Ra6 47. Rg5 Be2 48. Rg7+ Kd8 49. Bg6 $18) 43. Rxa5 Bc6+ 44. Kf1 Bf3 45.
Ra1 {White is temporarily passive but he manages to successfully overcome
technical problems and convert his material advantage:} Kd6 46. Bb3 Rd3 47. Rb1
Kc5 48. Ke1 Kb5 49. Bd1 Bxd1 50. Rxd1 Rc3 51. h5 b3 52. Kd2 Rc8 53. Rc1 Rf8 54.
f4 Kb4 55. Rh1 Ka3 56. Ke3 b2 57. g4 Rc8 58. Rb1 Ka2 59. Rxb2+ Kxb2 60. h6 Kc3
61. g5 1-0

[Event "Groningen PCA"]
[Site "Groningen"]
[Date "1993.??.??"]
[Round "2"]
[White "Lobron, Eric"]
[Black "Illescas Cordoba, Miguel"]
[Result "1/2-1/2"]
[WhiteElo "2575"]
[BlackElo "2625"]
[Annotator "Lobron,E"]
[PlyCount "101"]
[EventDate "1993.12.??"]
[EventType "swiss"]
[EventRounds "11"]
[EventCountry "NED"]
[SourceTitle "CBM 039"]
[Source "ChessBase"]
[SourceDate "1994.04.01"]
[SourceVersion "1"]
[SourceVersionDate "1994.04.01"]
[SourceQuality "1"]

1. d4 {Chekhov Ftacnik} d5 2. c4 c6 3. Nc3 Nf6 4. Nf3 e6 5. Bg5 dxc4 6. e4 b5
7. e5 h6 8. Bh4 g5 9. Nxg5 hxg5 10. Bxg5 Nbd7 11. g3 Qa5 12. exf6 Ba6 13. Be2
$5 (13. Qf3) (13. a3 $1 {Ftacnik} O-O-O 14. Be3 (14. Bg2 Nc5 15. O-O Nb3 16.
Qf3 (16. Be3 Bb7 17. Ne4 Qc7 18. Qc2 Nxd4 19. Bxd4 Rxd4 20. a4 a6 21. Rfd1
Rxd1+ 22. Rxd1 Bb4 23. b3 Rd8 24. Rxd8+ $16 {Suba,M-Vadasz,L/Erevan/1980/1-0 
(27)}) 16... Bb7 17. Rad1 b4 $1 18. Ne4 bxa3 19. bxa3 Bxa3 20. h4 (20. Be3 Bb4
21. Nc5 Bxc5 22. dxc5 Qb5 23. Rxd8+ Rxd8 24. Qh5 $16 {Gomez Esteban,J-Novikov,
I/Pamplona/1990/1-0 (27)}) (20. Qe2 $5 {Chekhov}) 20... Bb4 21. Be3 Qb5 22. Nc5
a5 $1 23. Nxb7 Kxb7 24. Qe2 $16 {Beliavsky,A-Novikov,I/USSR ch/1990/1-0 (40)})
14... c5 (14... Ne5 $5 15. f4 c5 $8 16. fxe5 cxd4 17. Bxd4 Bb7 18. Rg1 Rxh2 19.
Be2 Qc7 $5 20. Rc1 Rxd4 $2 21. Qxd4 Bc5 22. Nxb5 $1 Bxd4 23. Nxc7 Bxg1 24. Rxc4
$1 $14 {Komljenovic,D-Kaidanov,G/Andorra/1991/0.5 (35)}) 15. Bg2 cxd4 16. Bxd4
Bc5 17. O-O $1 Nxf6 18. Bxc5 Rxd1 19. Raxd1 $16 {Savcenko,S-Novikov,I/Sibenik/
1989/1-0 (36)}) (13. Qf3 {Ftacnik} Rc8 14. Be2 b4 15. Ne4 c5 16. dxc5 (16. d5
$5 {Chekhov} exd5 17. O-O Bb7 18. Rfe1 {/\Bc4|^ Sokolov/}) 16... Nxc5 17. Nxc5
Bxc5 18. O-O Bd4 19. Qf4 Qe5 20. Qxe5 Bxe5 $44 {Sokolov,I-Kamsky,G/Beograd/
1991/0.5 (45)}) (13. Be3 {Ftacnik} O-O-O (13... Nxf6 {Chekhov} 14. Qf3 Nd5 15.
Bg2 b4 16. Nxd5 (16. Ne4 c3 $13) 16... cxd5 $13 {Kaidanov/}) 14. Qf3 Bb7 15.
Bg2 Ba3 $6 (15... Bb4 16. O-O Bxc3 17. bxc3 Nb6 18. Bd2 $14) 16. Bc1 Bb4 17.
O-O Nb6 18. Ne4 $1 Rxd4 19. a3 Bf8 20. Be3 Rd7 $13 {Khenkin,I-Kaidanov,G/Ca'n
Picafort/1991/}) 13... O-O-O 14. O-O Nb6 $6 (14... Bb7 $142) (14... c5 {Ftacnik
} 15. a4 b4 16. Nb5 Nb6 17. Nxa7+ Kb7 18. Nb5 Bxb5 19. axb5 Qxb5 20. Bf3+ Nd5
21. Be3 Kb6 22. dxc5+ Bxc5 23. Bxc5+ Qxc5 24. Qa4 $40 {Demirel,T-Golubovic,B/
EU-chJ Sas van Gent (07)/1992/1-0 (37)}) 15. Ne4 (15. a3 c5 16. Qc1 Rxd4 (16...
cxd4 $2 17. b4 $18) 17. Bd2 Bb7 18. b4 cxb3 19. Ne4 Rxd2 20. Nxd2 Qa4 $15)
15... b4 $8 (15... Bb7 16. a3 c5 $2 17. Bd2 $16) 16. h4 (16. a3 $5) (16. Qc2 {
Chekhov} Rxd4 17. Be3 e5 $1 $13) 16... Qf5 (16... Qd5 {Ftacnik} 17. Bf3 Qxd4
18. Qxd4 Rxd4 19. Be3 Rd3 20. Rfd1 $16) 17. Bf3 c5 18. a3 $1 Bb7 $2 (18... cxd4
19. axb4 Bb7 20. g4 Qe5 21. Nc5 Bxc5 22. Ra5 $16) (18... Rxd4 19. Qe2 Bb7 20.
Rfe1 $14) 19. g4 $1 Qh7 (19... Qd5 20. dxc5 $16) (19... Qg6 20. Nxc5 $16) 20.
Nxc5 $1 $18 Bxc5 $8 21. Bxb7+ Kxb7 (21... Kb8 22. Qe2 $18) 22. Qf3+ Nd5 23.
dxc5 Rdg8 24. Rfd1 (24. Qg2 $1 Kb8 (24... b3 25. Rac1 $16) 25. Qg3+ (25. axb4
$140 {Ftacnik} Rxg5 26. hxg5 Nf4 $19) 25... Kc8 26. f3 Rxg5 27. hxg5 $18) 24...
Rxg5 25. hxg5 Qh2+ 26. Kf1 Rh3 27. Qg2 (27. Qe4 Qf4 (27... Kb8 {Chekhov} 28. g6
Nf4 29. Rd8+ Kc7 30. Rd7+ $1 Kxd7 31. Rd1+ Nd5 32. g7 $18) 28. Qxf4 $8 Nxf4 {
-27.Qg2}) 27... Qxg2+ 28. Kxg2 Nf4+ 29. Kg1 Ne2+ 30. Kg2 Nf4+ 31. Kg1 $138 Ne2+
32. Kf1 Nf4 33. f3 $2 (33. Ke1 $1 c3 34. bxc3 bxc3 35. Rdb1+ $1 (35. f3 {
Chekhov} c2 36. Rdc1 Nd3+ 37. Kf1 Nxc1) 35... Kc6 36. Kd1 $16 Kxc5 (36... Rh2
37. Ra2 Kxc5 (37... Rg2 38. Rb3 Rxg4 39. Rxc3 Rxg5 40. Rb2 $16) 38. Rb4 Nd3 39.
g6 fxg6 40. f7 Rh8 41. Rb7 $18) 37. Kc2 Rf3 (37... Ne2 38. Rb4 Nd4+ (38... Rf3
39. Rd1 Rxf2 40. Kb3 $18) 39. Rxd4 Kxd4 40. Rd1+ Kc4 41. Rd7 Rf3 42. Rc7+ Kd4
43. Kb3 $18) 38. Rf1 {/\ Rae1-e3, Rad1-d7}) 33... bxa3 34. bxa3 (34. Rxa3 $2 {
Ftacnik} Rh1+ $19) 34... Rxf3+ 35. Ke1 Kc6 $1 $44 36. Kd2 (36. Rd4 c3 $13) (36.
Rac1 $5 {Chekhov} Nd3+ (36... Kxc5 37. Rd7 Nd3+ 38. Ke2) (36... c3 $5) 37. Ke2)
36... c3+ 37. Kc2 Nd5 38. Re1 (38. Rd3 $1 $14 Rf2+ 39. Kb3) 38... Rf2+ 39. Kd3
Kxc5 40. Rac1 (40. Rad1 $142 $14) 40... Rf3+ 41. Kc2 (41. Ke4 $5 {Chekhov} Rf4+
(41... Rg3 42. Ke5) 42. Ke5 Rxg4 43. Rg1 Rc4 44. g6 Nf4 45. gxf7) 41... Rf2+
42. Kb3 $2 (42. Kd3 $142 Rf3+ (42... Rd2+ 43. Ke4 Rd4+ 44. Kf3 Rd3+ 45. Kf2 $16
Nf4 46. Re4 Nh3+ 47. Ke2 Rg3 48. g6 $18) 43. Ke4 (43. Ke2 $1 Rf4 (43... Rg3 44.
g6 $18) (43... Rh3 44. Rf1 {/\ g5-g6 +-}) 44. Rg1 {/\ Rcf1 +-}) 43... Rf4+ 44.
Ke5 Rxg4 45. Rg1 Rh4 46. Rh1 Rg4 47. Rcg1 Rf4 48. Rf1 Rg4 49. Rhg1 Rh4 50. g6
Rh3 51. Re1 Rh5+ 52. Ke4 Nxf6+ $10) (42. Kd3 $5 {Chekhov}) 42... a5 $2 (42...
Rb2+ 43. Ka4 Nb6+ $2 (43... Rb5 $1 44. Re5 Kc4 45. Re4+ Kc5 46. Rb4 Nxb4 47.
Rxc3+ Kb6 $10) 44. Ka5 Nc4+ 45. Ka6 $18) 43. g6 (43. Ka4 $5 {Chekhov}) 43...
Rxf6 44. gxf7 Rxf7 45. Rxe6 Rf4 $8 46. a4 $2 (46. g5 $1 a4+ 47. Ka2 (47. Kc2 {
Chekhov} Rg4) 47... Rf2+ 48. Ka1 Kc4 49. Rb1 c2 50. Rc6+ Kd3 51. Rh1 $16 {
/\ Kb2}) 46... Rxg4 47. Ra6 Rb4+ 48. Ka3 Kc4 49. Rc6+ (49. Rxa5 $2 Rb3+ 50. Ka2
Nb4+ 51. Ka1 c2 $17 (51... Ra3+ $10 {Chekhov})) 49... Kd3 $1 50. Rd1+ Kc2 51.
Rxd5 1/2-1/2

[Event "Zalakaros op 17th"]
[Site "Zalakaros"]
[Date "1998.??.??"]
[Round "6"]
[White "Babula, Vlastimil"]
[Black "Lukacs, Peter"]
[Result "1/2-1/2"]
[WhiteElo "2555"]
[BlackElo "2515"]
[Annotator "Lukacs,P"]
[PlyCount "81"]
[EventDate "1998.05.??"]
[EventType "swiss"]
[EventRounds "9"]
[EventCountry "HUN"]
[SourceTitle "CBM 065"]
[Source "ChessBase"]
[SourceDate "1998.08.06"]
[SourceVersion "1"]
[SourceVersionDate "1998.08.06"]
[SourceQuality "1"]

1. d4 d5 2. c4 c6 3. Nf3 Nf6 4. Nc3 e6 5. Bg5 dxc4 6. e4 b5 7. e5 h6 8. Bh4 g5
9. Nxg5 hxg5 10. Bxg5 Nbd7 11. exf6 Bb7 12. g3 c5 13. d5 Qb6 14. Bg2 b4 $5 (
14... O-O-O 15. O-O b4 16. Rb1 {is meant to be the most dangerous line for
Black nowadays. 14...b4 wants to avoid the theoretical duel.}) 15. O-O bxc3 $5
{This is the main idea behind 14...b4!?} (15... O-O-O {leads to the
theoretical main lines.}) 16. bxc3 {This is suggested by some theoreticians.} (
16. dxe6 {is a healthy alternative:} Ne5 $1 (16... O-O-O $5 17. e7 cxb2 18.
exd8=Q+ Kxd8 19. Rb1 c3 {is interesting according to Babula}) 17. Re1 Bxg2 18.
Rxe5 (18. Kxg2 Qc6+ 19. f3 cxb2) 18... Qc6 $1 19. Qe2 (19. Qd7+ $2 Qxd7 20.
exd7+ Kxd7 21. Kxg2 cxb2 $19) (19. e7 cxb2 (19... Bh6 $5 20. Bxh6 Bh1 $1 21. f3
Bxf3 22. Qc1 cxb2 23. Qxb2 Rxh6 $17) 20. exf8=Q+ Kxf8 21. Rb1 c3) 19... Bh3 20.
exf7+ Kxf7 21. Qxc4+ Kg6 (21... Be6 22. Qxc3 Bd6 23. Rxe6 (23. Re3 Rxh2 $1)
23... Kxe6 24. Rd1 $44) 22. Qd3+ Kf7 23. Qc4+ $11 {Rosenlund-Ivkov, Yugoslavia
1977}) 16... e5 $1 (16... Qc7 17. dxe6 (17. Re1 $5 O-O-O 18. dxe6 fxe6 (18...
Ne5 $2 19. Bxb7+ Qxb7 20. Qxd8+ $1 Kxd8 21. e7+ Ke8 22. Rxe5 $18) 19. Bxb7+
Qxb7 20. f7 Bg7 21. Bxd8 Rxd8 22. Qg4 Bxc3 23. Rab1 Qd5 24. Rxe6 Bd4 $13 {
Se.Ivanov}) 17... fxe6 18. Qb1 (18. Qg4 Kf7) 18... O-O-O 19. Bxb7+ Qxb7 20. Re1
Bh6 21. Qxb7+ Kxb7 22. f4 $1 $14 {Sakaev-Se.Ivanov, Russia 1995}) 17. Rb1 Qa6
18. Rxb7 (18. Qg4 $6 Bd6 19. Rb2 Kd8 20. Rfb1 Bc8 21. Bd2 Nb6 22. Qg7 Rf8 23.
f4 e4 24. Bxe4 Bd7 25. Re1 Kc7 26. Bf3 Qa3 27. Rc2 Qa4 28. Rb2 Qa3 $11 {
A.Peter-G.Mann, HUN.chT 1997 1/2 1/2}) 18... Qxb7 19. d6 Qc8 20. f4 $1 {
According to Se.Ivanov White has a decisive advantage here. However things are
far from clear.} (20. Bxa8 $2 Qxa8 21. Qa4 Bh6 22. Re1 e4 $1) (20. Re1 Rb8 21.
f4 e4 $1 (21... Rb2 22. fxe5 (22. Qd5 $5 Qb8 23. fxe5 Rb1 $132) 22... Rxg2+ 23.
Kxg2 Qb7+ 24. Kg1 Qb2 $13) 22. Qd5 Qb7 $1 (22... Kd8 23. Qxf7 Bxd6 24. Rd1 $44)
23. Rxe4+ Kd8 24. Qxf7 Qb1+ $17) (20. Qd5 Rb8 21. f4 Nb6 $13) 20... e4 $1 $146
{This is my novelty, leading to extremely sharp play, which is not unusual in
the Botvinnik variation. In some positions White has about five pawns for the
R.} (20... Rg8 21. Bd5 $18) (20... Rb8 21. fxe5 Nxe5 (21... Rb2 22. e6 $1) 22.
Re1 Qe6 23. Bd5 Qf5 24. Bf4 Bxd6 25. Bc6+ $18 {Se.Ivanov}) 21. Re1 (21. Bxe4 {
leads to a draw after} Rb8 22. Qd5 (22. Re1 {- 21.Re1}) 22... Qa6 (22... Rb6
23. Qxf7+ Kxf7 24. Bd5+ Kg6 25. Be4+ Kh5 26. Bf3+ $11) 23. Qxf7+ Kxf7 24. Bd5+
Kg6 25. Be4+ $11) 21... Rb8 22. Bxe4 (22. Rxe4+ Kd8 23. Qe1 $4 Bxd6 $19) 22...
Kd8 23. Qd5 Qa6 $5 {My idea was to take Pd6 by the Q and activating the R via
Rb2.} (23... Rb6 $142 24. Qxf7 Bxd6 25. Qxc4 Kc7) 24. Qxf7 Qxd6 25. Bg2 (25.
Bd5 $5 {was worth of trying.} Rb2 26. h4 $44) (25. Bf3 $143 $6 Qd3 26. Rd1 Rb1
$1) 25... Kc7 (25... Rb2 $6 26. Qe8+ Kc7 27. Qa8) 26. h4 Rb2 27. Qxc4 Nxf6 (
27... Qd2 $2 28. Qe4 $1 {and White has defended everything in his position!}) (
27... Rxg2+ $2 28. Kxg2 Qc6+ {and again} 29. Qe4 $1 $16 (29. Kg1 $2 Qf3) (29.
Kf2 $6 Nxf6 30. Re6 Ng4+)) 28. Qa4 (28. f5 {wants to activate the B on the /^
h2-g8} Rxg2+ (28... Bh6 $2 29. Bxf6 Qxf6 (29... Rxg2+ 30. Kxg2 Qxf6 31. Qxc5+
Qc6+ 32. Qxc6+ Kxc6 33. g4 $18) 30. Qxc5+ Kb8 31. Qd5 $18) 29. Kxg2 Qd5+ 30.
Qxd5 Nxd5 31. c4 (31. Re8 Bg7) 31... Nb6 32. Re8 Nxc4 33. Bf6 Rg8 34. Be7 Bxe7
35. Rxg8 Ne3+) 28... Kb6 29. Rd1 (29. Bf1 c4 $1) (29. f5 Qxg3 $1 (29... c4 30.
Re6 Qxe6 (30... Rb1+ 31. Kf2 Qxe6 32. fxe6 Bc5+ 33. Ke2 Rb2+ 34. Ke1 {- 30...
Qe6}) 31. fxe6 Bc5+ 32. Kf1 Rb1+ 33. Ke2 Rb2+ 34. Ke1 (34. Kd1 Rd8+) 34... Rxg2
$1 35. Bxf6 Rf8 36. e7 Rxf6 37. e8=Q Rg1+ 38. Kd2 Rg2+ $11) 30. Re6+ (30. Qc6+
Ka5) 30... Bd6 31. Qc6+ Ka5 {and the K escapes.}) 29... Qe6 30. Bxf6 (30. f5
Qe2 $1 (30... Rxg2+ 31. Kxg2 Qe4+ (31... Qe2+ 32. Kg1 $18) 32. Qxe4 Nxe4 33. f6
$1 (33. Rd8 Bg7) 33... Nxc3 34. Rd8) 31. Qc6+ Ka5 32. Qc7+ Ka6 33. Qc8+ Ka5 34.
Qc7+ $11) 30... Qxf6 31. Rd7 Rxg2+ (31... Rb1+ $6 32. Bf1 $1) 32. Kxg2 Qc6+ 33.
Qxc6+ Kxc6 34. Rxa7 c4 $1 35. f5 Bc5 36. Ra6+ Kb5 $1 (36... Kd5 37. Kf3) 37.
Re6 Ra8 38. Re2 Ra3 39. f6 (39. Rc2 $2 Be7 $1 $17) 39... Rxc3 40. f7 Rd3 41.
Rf2 $1 {and Babula's draw offer was accepted. During the game I was unable to
calculate the following complications, which are far from clear, for example:}
(41. g4 $2 c3 42. g5 Rd2 43. Kf1 c2 $19) (41. Rf2 $1 Rd8 $1 (41... Bf8 42. Rb2+
$1) 42. Rf3 $1 (42. g4 $2 Kb4) 42... Bb4 43. a3 Bf8 44. g4 Bg7 $1 45. g5 c3 46.
Rf1 (46. Rf2 Rd2 $1) 46... Kc4 47. h5 c2 48. h6 Bf8 49. Kf3 Kb3 50. Kg4 Kb2 51.
Kh5 c1=Q 52. Rxc1 Kxc1 53. Kg6 (53. g6 Rd5+)) 1/2-1/2

[Event "RUS-chT 05th"]
[Site "Maikop"]
[Date "1998.06.09"]
[Round "7"]
[White "Filippov, Valerij"]
[Black "Khalifman, Alexander"]
[Result "1/2-1/2"]
[WhiteElo "2595"]
[BlackElo "2660"]
[Annotator "Lutz,C"]
[PlyCount "51"]
[EventDate "1998.06.03"]
[EventType "team-tourn"]
[EventRounds "11"]
[EventCountry "RUS"]
[SourceTitle "CBM 066"]
[Source "ChessBase"]
[SourceDate "1998.09.30"]
[SourceVersion "1"]
[SourceVersionDate "1998.09.30"]
[SourceQuality "1"]
[WhiteTeam "Noyabrsk Yamal"]
[BlackTeam "Sankt Petersburg"]
[WhiteTeamCountry "RUS"]
[BlackTeamCountry "RUS"]

1. d4 d5 2. Nf3 Nf6 3. c4 c6 4. Nc3 e6 5. Bg5 dxc4 6. e4 b5 7. e5 h6 8. Bh4 g5
9. Nxg5 hxg5 10. Bxg5 Nbd7 11. exf6 Bb7 12. g3 c5 13. d5 Qb6 14. Bg2 O-O-O 15.
O-O b4 16. Rb1 Qa6 17. dxe6 Bxg2 18. e7 Bxf1 19. Qd5 Bh6 20. Bxh6 Bh3 21. Qa8+
Nb8 22. exd8=Q+ Rxd8 23. Re1 bxc3 24. Bf4 Qb6 25. bxc3 Bf5 26. Bxb8 {Seit der
Partie Z.Azmaiparashvili-A.Shirov (Madrid 1996) ist bekannt, daß das Endspiel
nach 26.h4 Qb7 27.Qxb7+ Kxb7 28.Re7+ Rd7 29.Lxb8 Kxb8 30.Rxd7 Bxd7 nur zum
Unentschieden führt. Daher forciert Weiß gleich das Dauerschach.} (26. h4 Qb7 (
26... Be6 27. Kh2 Rd7 28. h5 Rb7 29. Bxb8 Rxb8 30. Qe4 Kc7 31. Rd1 Rh8 32. g4
Qb2 33. Qf4+ Kb7 34. Qf3+ Kc7 35. Qf4+ Kc6 36. Qe4+ Kc7 37. Qe5+ Kb6 38. Rd6+
Kb7 39. Qe4+ Kb8 40. Qf4 Kb7 {Yermolinsky,A-Gurevich,D/USA-ch 1994/CBM 44/1-0 
(63)}) 27. Qxb7+ Kxb7 28. Re7+ Rd7 29. Bxb8 Kxb8 30. Rxd7 Bxd7 31. Kg2 Kc7 32.
Kf3 Kd6 33. Kf4 Bc6 34. Kg5 Bf3 35. Kf5 Kd5 36. g4 Kd6 37. h5 Kd5 38. Kf4 Bd1
39. Kg5 Bf3 40. Kf4 Bd1 41. Kg5 Bf3 42. Kf4 {1/2-1/2 Azmaiparashvili,Z-Shirov,
A/Madrid 1996/CBM 53/[Shirov]}) (26. Bxb8 Qxb8 27. Qc6+ Qc7 28. Qa8+ $11)
1/2-1/2